| 000 | 00732nam a2200253Ia 4500 | ||
|---|---|---|---|
| 003 | OSt | ||
| 005 | 20220924115520.0 | ||
| 006 | a|||||r|||| 00| 0 | ||
| 007 | ta | ||
| 008 | 220923b |||||||| |||| 00| 0 hin d | ||
| 024 | _a53566 | ||
| 037 | _cTextual | ||
| 040 |
_aARTS _cARTS _bhin |
||
| 041 |
_2hin _ahin |
||
| 082 | _aP15,10Ax1,1, 152M3;N2 | ||
| 100 | _aSaunaka | ||
| 245 | 0 | _aRgveda-Pratisakhya rev and tr by Virendrakumar Verma | |
| 260 |
_aDelhi _bChaukhamba Sanskrit Pratishthan _c1992 |
||
| 300 |
_a17,960p. _ccm. |
||
| 490 | _aVrajajivan Prachyabharati granthamala; 11 | ||
| 650 | _aLINGUISTICS | ||
| 942 |
_hP15,10Ax1,1, 152M3;N2 _cTEXL _2CC |
||
| 999 |
_c398682 _d398682 |
||